000 00877naa a2200241 4500
005 2009061301211.0
008 080925t xxu||||| |||| 00| 0 eng d
010 _aENG-93965
020 _a9788180546631
_c365.00
035 _aEN-77498
037 _bDBAD / PUB
040 _adpl
_bEnglish
082 _a338.5024658
100 _aMehta, P.L.
245 _aManagerial economics:
_cby P.L. Mehta
_banalysis, problems and cases /
250 _a15th ed.
260 _aNew Delhi
_bSultan Chand & Sons
_c2009
270 _a23, Darya Ganj,
_bNew Delhi
_e110 002
300 _axx, 837p.
_c24cm(pbk )
650 _aManagerial Economics
942 _adpl
_cEN
_2ddc
_h338.5024658
_mMEH
999 _c27406
_d27406